Leonardo DiCaprio - Filmografie - Statistiken

Allgemein
  • Dieses Quiz wurde 42 mal gespielt
  • Das Durchschnittsergebnis liegt bei 9 aus 36
Antwortstatistiken
Jahr
Film
% Korrekt
1997 Titanic
97%
2002 Catch Me If You Can
72%
2013 The Wolf of Wall Street
67%
2012 Django Unchained
61%
2015 The Revenant – Der Rückkehrer
56%
2010 Inception
53%
2019 Once Upon a Time in Hollywood
53%
2013 Der große Gatsby
44%
2004 Aviator
42%
2010 Shutter Island
42%
2006 Departed – Unter Feinden
39%
2000 The Beach
36%
1996 William Shakespeares Romeo + Julia
36%
2021 Don’t Look Up
33%
1993 Gilbert Grape – Irgendwo in Iowa
31%
2023 Killers of the Flower Moon
25%
2006 Blood Diamond
22%
2002 Gangs of New York
14%
1991 Critters 3 – Die Kuschelkiller kommen
11%
1998 Der Mann in der eisernen Maske
11%
1995 Schneller als der Tod
11%
1993 This Boy’s Life
11%
1998 Celebrity – Schön. Reich. Berühmt.
8%
2008 Der Mann, der niemals lebte
8%
2011 J. Edgar
8%
1995 Jim Carroll – In den Straßen von New York
8%
1995 Total Eclipse – Die Affäre von Rimbaud und Verlaine
6%
2008 Zeiten des Aufruhrs
6%
2016 Before the Flood
3%
1996 Marvins Töchter
3%
2007 11th Hour – 5 vor 12
0%
2001 Don’s Plum
0%
1995 Hundert und eine Nacht
0%
2019 Ice on Fire
0%
1992 Poison Ivy – Die tödliche Umarmung
0%
1994 The Foot Shooting Party
0%
Keine übereinstimmenden Quizze gefunden
Verteilung der Resultate
Anzahl Personen mit jedem Resultat
Perzentil nach korrekt beantworteten Fragen
Ihre Resultats-Entwicklung
Sie haben dieses Quiz noch nicht gespielt